00764nam a22001817a 450000500170000000800410001702000180005805000260007624501640010225000220026626000420028830000270033065000380035765000510039565000390044670000430048570000540052820220404134001.0220404b ||||| |||| 00| 0 eng d a978607802815304aND1158.M87 bA26 201100aAcordes y pinceles : bhorizontales actuales de la música y la pintura /cLaura Gemma Flores García, Alejandro Augusto Barrañón Cedillo, coordinadores aPrimera edición aZacatecas : bTexere Editores, c2011 a121 páginas ;c21 cm 72lembaArte y músicaxPartituras 72lembaMúsicazMéxicoxHistoria y crítica 72lembaPintura zMéxicoxHistoria1 aFlores García, Laura Gemma, eeditor1 aBarrañón Cedillo, Alejandro Augusto, eeditor